| 000 | 00813cab a2200265 4500 | ||
|---|---|---|---|
| 001 | WB3225-41 | ||
| 008 | 090401t1996 xxu||||| |||| 00| 0 eng d | ||
| 035 | _a(Sirsi) u40157 | ||
| 041 | _aeng | ||
| 245 | _aHidden trap in attic conversion | ||
| 260 | _c1996 | ||
| 350 | _a0 | ||
| 490 |
_aTimes _v22 June 1996, 43(1) |
||
| 520 | _aOutlines how improvements and reconstruction to a loft or garage to make it into office space attracts VAT whereas repairs to an existing home office does not. | ||
| 650 | _aHOME ENHANCEMENT | ||
| 650 | _aHOME OFFICES | ||
| 650 | _aLOFT CONVERSIONS | ||
| 650 | _aBUILT ENVIRONMENT-BUILDING MAINTENANCE AND REFURBISHMENT | ||
| 650 | _aSTUDIES | ||
| 650 | _aVALUE ADDED TAX | ||
| 650 | _aVALUE ADDED TAX | ||
| 690 | _aTAXATION | ||
| 942 | _n0 | ||
| 948 | _c04/03/1997 | ||
| 999 |
_c25725 _d25725 |
||